Manuel Pellegrini's West Ham - Statistics

General Stats
  • This quiz has been taken 14 times
  • The average score is 25 of 35
Answer Stats
Rank Player Position Nationality Matches Goals Assists % Correct
9 Aaron Cresswell Left-Back 36 3 2
100%
17 Andriy Yarmolenko Right Winger 25 5 1
100%
8 Angelo Ogbonna Centre-Back 43 5 1
100%
1 Felipe Anderson Right Winger 58 10 10
100%
7 Lukasz Fabianski Goalkeeper 45 0 0
100%
18 Manuel Lanzini Attacking Midfield 22 0 4
100%
5 Mark Noble Central Midfield 48 4 6
100%
15 Marko Arnautovic Centre-Forward 29 10 4
100%
6 Michail Antonio Centre-Forward 47 8 5
100%
20 Pablo Fornals Central Midfield 20 2 3
100%
11 Arthur Masuaku Left-Back 35 0 3
91%
13 Pablo Zabaleta Right-Back 34 0 1
91%
14 Chicharito Centre-Forward 30 9 1
82%
10 Fabián Balbuena Centre-Back 35 2 0
82%
3 Issa Diop Centre-Back 54 2 0
82%
29 Adrián Goalkeeper 5 0 0
73%
24 Carlos Sánchez Defensive Midfield 15 0 0
73%
2 Declan Rice Central Midfield 56 2 1
73%
16 Pedro Obiang Central Midfield 29 0 1
73%
21 Sébastien Haller Centre-Forward 19 5 1
73%
27 Albian Ajeti Centre-Forward 9 0 0
64%
34 Ben Johnson Right-Back 1 0 0
64%
23 Jack Wilshere Central Midfield 15 1 1
64%
26 Roberto Goalkeeper 10 0 0
64%
4 Robert Snodgrass Right Winger 54 7 10
64%
12 Ryan Fredericks Right-Back 34 2 2
64%
25 Andy Carroll Centre-Forward 14 1 0
45%
33 Conor Coventry Defensive Midfield 2 0 0
45%
30 David Martin Goalkeeper 4 0 0
45%
22 Lucas Pérez Centre-Forward 19 6 0
45%
19 Grady Diangana Right Winger 21 2 1
36%
31 Nathan Holland Left Winger 3 0 0
36%
28 Samir Nasri Attacking Midfield 6 0 2
36%
32 Xande Silva Left Winger 2 0 0
36%
35 Joe Powell Central Midfield 1 0 2
9%
No matching quizzes found
Score Distribution
Percent of People with Each Score
Percentile by Number Answered
Your Score History
You have not taken this quiz